00918nam a2200241Ia 4500003000400000005001700004008004100021020002200062040000700084041000800091082001300099100002400112245009900136260005100235300001500286365001300301440005200314650003200366906010300398942001200501999001900513952014400532OSt20230529141939.0210423s2014 xx 000 0 und d a978-1-4704-2598-2 cAL aeng a531 LEVC aLEVI (Mark)9115846 aClassical mechanics with calculus of variations and optimal control: an intuitive introduction aHyderabadbAmerican mathematical societyc2014 axx,299bPB b960cINR aStudent mathematical library Vol 69v699115847 aClassical Mechanics9115848 aan ; calculus ; Classical ; control: ; introduction ; intuitive ; mechanics ; optimal ; variations 2ddccBK c168320d168320 001040708PHYaSACPGbSACPGd2017-02-14eIntact Bookhouseg960.00l1o531 LEVCpPG014822r2022-08-24 00:00:00s2022-01-05w2021-04-26yBK